| 000 | 00798nam a22002055i 4500 | ||
|---|---|---|---|
| 001 | 153627 | ||
| 003 | ES-MaACL | ||
| 005 | 20230906205320.0 | ||
| 008 | 000406s1783 fr a |||| | fre d | ||
| 040 |
_aEUS _bspa _cEUS |
||
| 100 | 1 |
_aEmerigon, Balthazard-Marie ( _d1716-1785) _947143 |
|
| 245 | 1 | 0 |
_aTraité des assurances et contrats a la grosse / _cpar M. Balthazard-Marie Émerigon avocat au parlemente ... ; tome premier. |
| 260 |
_aA Marseille : _bChez Jean Mossy ..., _c1783. |
||
| 300 |
_a[8], XVI, 686, [2] p. en bl. ; _c4º. |
||
| 597 | _aSign.: [blanco]4, a-b4, A-Z4, 2A-2Z4, 3A-3Z4, 4A-4R4. | ||
| 597 | _aPort. con viñeta xil. | ||
| 597 | _aApostillas marginales. | ||
| 650 | 4 |
_aSeguros marítimos. _9155334 |
|
| 852 |
_aES-MaACL _jR-754-55 _z-- Enc. pasta _x-- Olim: G-928-9 |
||
| 999 |
_c153627 _d153627 |
||